000 01047nam a22003257a 4500
003 CHAP
005 20220329135118.0
008 971013s1976 r 00010 d
010 _a31110
011 _a32082
035 _a36194
040 _cCHAP
090 _aTesis
100 0 0 _aLomelí Solórzano, Marco Antonio.
_967535
245 _aPulque enlatado
_b: su comercialización y operación financiera
260 _aMéxico, D.F. :
_bEl autor,
_c1976
300 _a229 h.
_b: ilus.
500 _aFotocopia
502 _aTesis (Lic. en Administración de Empresas) -- UANM. Fac. de Contaduría y Administración
590 _aALEPH
_b10
_c20130110
_lUCH01
_h1253
590 _aBATCH-UPD
_b10
_c20130110
_lUCH01
_h2150
590 _aBATCH-UPD
_b10
_c20130410
_lUCH01
_h1458
590 _aBATCH-UPD
_b10
_c20130914
_lUCH01
_h1729
590 _aCONVERSION
_b10
_c20130109
_lUCH01
_h1318
650 1 4 _aPulque
_xEnlatado.
_993012
650 1 4 _aPulque
_xMercadeo.
_993015
901 _aBK
942 _cTESIS
949 _bBC
_cTES
_d-83390
_eTS1
_i36194
_si
999 _c31110
_d31110